[Event "Astana op"]
[Site "Astana"]
[Date "2017.07.28"]
[Round "8"]
[White "Akkozov, Berik"]
[Black "Sivuk, Vitaly"]
[Result "0-1"]
[WhiteElo "2357"]
[BlackElo "2515"]
[PlyCount "60"]
[EventDate "2017.07.21"]
[EventType "swiss"]
[EventRounds "9"]
[EventCountry "KAZ"]
[SourceTitle "CBM 179 Extra"]
[Source "ChessBase"]
[SourceDate "2017.08.23"]
[SourceVersion "1"]
[SourceVersionDate "2017.08.23"]
[SourceQuality "1"]

1. d4 d6 2. Nf3 Nf6 3. c4 g6 4. Nc3 Bg7 5. e4 0-0 6. Be2 c6 7. 0-0 e5 8. d5 Na6 9. Ne1 Nc5 10. Bf3 cxd5 11. cxd5 a5 12. Nd3 Nfd7 13. Be3 b6 14. Nxc5 Nxc5 15. a3 f5 16. b4 Nd7 17. Qa4 f4 18. Bd2 Nf6 19. bxa5 bxa5 20. Be2 Bd7 21. Bb5 f3 22. g3 Bh3 23. Rfc1 Qc8 24. Bg5 Nh5 25. Be7 Qg4 26. Nd1 Bh6 27. Bxd6 Nf4 28. Ne3 Qh5 29. gxf4 Bxf4 30. Nf1 Bxh2+ 0-1

[Event "Almaty op"]
[Site "Almaty"]
[Date "2016.10.13"]
[Round "8"]
[White "Akkozov, Berik"]
[Black "Vakhidov, Jahongir"]
[Result "1-0"]
[WhiteElo "2353"]
[BlackElo "2576"]
[PlyCount "41"]
[EventDate "2016.10.06"]
[EventType "swiss"]
[EventRounds "9"]
[EventCountry "KAZ"]
[SourceTitle "EXT 2017"]
[Source "ChessBase"]
[SourceDate "2016.10.25"]
[SourceVersion "1"]
[SourceVersionDate "2016.10.25"]
[SourceQuality "1"]

1. d4 d6 2. c4 g6 3. Nc3 Bg7 4. e4 Nf6 5. f3 0-0 6. Be3 c5 7. Nge2 Nc6 8. d5 Ne5 9. Ng3 h5 10. Be2 h4 11. Nf1 e6 12. f4 Neg4 13. Bxg4 Nxg4 14. Qxg4 exd5 15. f5 d4 16. Nd5 dxe3 17. Nfxe3 Kh7 18. 0-0 Rh8 19. Rad1 Rg8 20. Kh1 Bd7 21. Nc7 1-0

[Event "Almaty op"]
[Site "Almaty"]
[Date "2016.10.09"]
[Round "4"]
[White "Bezgodov, Alexei"]
[Black "Akkozov, Berik"]
[Result "0-1"]
[WhiteElo "2502"]
[BlackElo "2353"]
[PlyCount "72"]
[EventDate "2016.10.06"]
[EventType "swiss"]
[EventRounds "9"]
[EventCountry "KAZ"]
[SourceTitle "EXT 2017"]
[Source "ChessBase"]
[SourceDate "2016.10.25"]
[SourceVersion "1"]
[SourceVersionDate "2016.10.25"]
[SourceQuality "1"]

1. e4 e6 2. d4 d5 3. Nc3 Bb4 4. e5 c5 5. a3 Ba5 6. b4 cxd4 7. Qg4 Kf8 8. bxa5 dxc3 9. Qb4+ Ne7 10. Qxc3 Nbc6 11. Bd2 d4 12. Qg3 Qd5 13. f4 Nxa5 14. Bd3 Kg8 15. Nf3 Nc4 16. 0-0 Bd7 17. Qf2 Rd8 18. Rfe1 Bc6 19. Bb4 Ng6 20. Rad1 Ne3 21. Bxg6 Nxd1 22. Rxd1 a5 23. Rxd4 axb4 24. Rxd5 Bxd5 25. Bd3 bxa3 26. Qa7 a2 27. c4 Bxf3 28. gxf3 g6 29. Bc2 Kg7 30. Qxa2 Rd2 31. Qb3 Rhd8 32. h4 Re2 33. Kf1 Rdd2 34. Bd1 Rh2 35. Kg1 Rdg2+ 36. Kf1 Rb2 0-1

[Event "Central Asia Cup 4th"]
[Site "Almaty"]
[Date "2015.11.29"]
[Round "9"]
[White "Kazhgaleyev, Murtas"]
[Black "Akkozov, Berik"]
[Result "1-0"]
[WhiteElo "2585"]
[BlackElo "2357"]
[PlyCount "49"]
[EventDate "2015.11.21"]
[EventType "swiss"]
[EventRounds "9"]
[EventCountry "KAZ"]
[SourceTitle "CBM 169 Extra"]
[Source "ChessBase"]
[SourceDate "2015.12.18"]
[SourceVersion "1"]
[SourceVersionDate "2015.12.18"]
[SourceQuality "1"]

1. d4 d5 2. Nf3 Nf6 3. c4 e6 4. Nc3 Nbd7 5. cxd5 exd5 6. Bg5 c6 7. e3 Be7 8. Qc2 Nh5 9. Bxe7 Qxe7 10. Be2 Nhf6 11. 0-0 0-0 12. Rab1 Ne4 13. Nxe4 dxe4 14. Nd2 Nf6 15. b4 Bd7 16. a4 Nd5 17. b5 Rfe8 18. Rfc1 Rac8 19. Qb3 Qg5 20. bxc6 bxc6 21. Nc4 Bh3 22. g3 Re6 23. Qb8 Re7 24. Nd6 Rf8 25. Qxf8+ 1-0

[Event "Chigorin Memorial 23rd"]
[Site "St Petersburg"]
[Date "2015.10.10"]
[Round "8"]
[White "Akkozov, Berik"]
[Black "Urazayev, Arystanbek"]
[Result "1-0"]
[WhiteElo "2356"]
[BlackElo "2217"]
[PlyCount "95"]
[EventDate "2015.10.03"]
[EventType "swiss"]
[EventRounds "9"]
[EventCountry "RUS"]
[SourceTitle "CBM 168 Extra"]
[Source "ChessBase"]
[SourceDate "2015.10.29"]
[SourceVersion "1"]
[SourceVersionDate "2015.10.29"]
[SourceQuality "1"]

1. d4 d5 2. Nf3 Nc6 3. g3 Bf5 4. Bg2 Nb4 5. Na3 Nf6 6. Bf4 e6 7. 0-0 Be7 8. Nb5 Na6 9. c4 0-0 10. Qb3 c6 11. Nc3 Nb4 12. c5 a5 13. Rfc1 Ra7 14. a3 Na6 15. Qa4 b5 16. cxb6 Qxb6 17. Ne5 Nb8 18. Qd1 Qa6 19. Bf1 Qb7 20. Na4 Nfd7 21. Nd3 Na6 22. Rc3 g5 23. Be3 Rc8 24. Rac1 f6 25. Bg2 Qa8 26. Bd2 Rac7 27. Qe1 Qa7 28. e4 dxe4 29. Bxe4 Qxd4 30. Rc4 Qd6 31. Bxa5 Bxe4 32. Qxe4 Ra7 33. Rxc6 Rxc6 34. Rxc6 Qd5 35. Rxe6 Qxe4 36. Rxe4 Kf7 37. b4 Nab8 38. Rc4 Ke6 39. Rc8 Kf5 40. Kg2 Bd6 41. Nc3 Ra6 42. Nb5 g4 43. Rh8 Bf8 44. Rxh7 Ke4 45. Nf4 Rc6 46. Bc7 Rc1 47. Bxb8 Nxb8 48. Rf7 1-0

[Event "Pavlodar op"]
[Site "Pavlodar"]
[Date "2014.12.05"]
[Round "6"]
[White "Akkozov, Berik"]
[Black "Kashkarov, Mikhail"]
[Result "1-0"]
[WhiteElo "2365"]
[BlackElo "2160"]
[PlyCount "79"]
[EventDate "2014.12.01"]
[EventType "swiss"]
[EventRounds "9"]
[EventCountry "KAZ"]
[SourceTitle "EXT 2016"]
[Source "ChessBase"]
[SourceDate "2015.10.08"]
[SourceVersion "1"]
[SourceVersionDate "2015.10.08"]
[SourceQuality "1"]

1. d4 Nf6 2. c4 e6 3. Nf3 c5 4. d5 exd5 5. cxd5 d6 6. Nc3 g6 7. Bf4 a6 8. a4 Qe7 9. h3 Bg7 10. e3 0-0 11. Be2 Nbd7 12. 0-0 b6 13. Nd2 Rd8 14. Qc2 Rb8 15. e4 Ne8 16. Rae1 Nc7 17. Nc4 Ne5 18. Bxe5 Bxe5 19. Nxe5 Qxe5 20. f4 Qd4+ 21. Kh1 b5 22. Rd1 Qg7 23. axb5 axb5 24. Ra1 b4 25. Nb1 Bd7 26. Nd2 Nb5 27. Bxb5 Bxb5 28. Rfe1 Qd4 29. Nf3 Qc4 30. Qf2 Ra8 31. Rad1 Qb3 32. f5 Ra2 33. Qh4 Rd7 34. f6 h5 35. Qf4 Kh7 36. e5 dxe5 37. Ng5+ Kg8 38. Qxe5 Rd8 39. Nxf7 Re8 40. Qc7 1-0

[Event "Chigorin Memorial 22nd"]
[Site "St Petersburg"]
[Date "2014.10.23"]
[Round "6"]
[White "Vorobjev, Dmitry"]
[Black "Akkozov, Berik"]
[Result "0-1"]
[WhiteElo "2199"]
[BlackElo "2361"]
[PlyCount "120"]
[EventDate "2014.10.18"]
[EventType "swiss"]
[EventRounds "9"]
[EventCountry "RUS"]
[SourceTitle "EXT 2015"]
[Source "ChessBase"]
[SourceDate "2014.11.20"]
[SourceVersion "1"]
[SourceVersionDate "2014.11.20"]
[SourceQuality "1"]

1. e4 c5 2. Nf3 d6 3. d4 cxd4 4. Nxd4 Nf6 5. Nc3 a6 6. Bg5 Nbd7 7. Qe2 h6 8. Bh4 Qc7 9. 0-0-0 g5 10. Bg3 e6 11. h4 Rg8 12. hxg5 hxg5 13. f3 Ne5 14. Nb3 b5 15. Bf2 Bd7 16. g3 Rc8 17. a3 Nc4 18. Bd4 e5 19. Nd5 Nxd5 20. exd5 Be7 21. Bf2 Bf5 22. Rd3 a5 23. Rc3 Qb7 24. g4 Bg6 25. Nxa5 Qxd5 26. Nxc4 Rxc4 27. Rxc4 bxc4 28. Qxc4 Qxf3 29. Qc8+ Bd8 30. Bb5+ Kf8 31. Rf1 Kg7 32. Be1 Qe3+ 33. Bd2 Qxd2+ 34. Kxd2 Ba5+ 35. Qc3 Bxc3+ 36. bxc3 Rh8 37. a4 Rh2+ 38. Be2 Bxc2 39. Kxc2 Rxe2+ 40. Kb3 Rg2 41. a5 Rxg4 42. a6 Rh4 43. a7 Rh8 44. Kc4 Ra8 45. Ra1 e4 46. Kd5 e3 47. Kxd6 e2 48. Re1 Rxa7 49. Rxe2 f5 50. c4 f4 51. c5 f3 52. Rf2 g4 53. Ke5 Rf7 54. c6 g3 55. c7 g2 56. c8Q g1Q 57. Ke4 Qe1+ 58. Kd5 Qxf2 59. Qg4+ Kf6 60. Qe6+ Kg5 0-1

[Event "Riga Tech op 4th"]
[Site "Riga"]
[Date "2014.08.17"]
[Round "2"]
[White "Banusz, Tamas"]
[Black "Akkozov, Berik"]
[Result "1/2-1/2"]
[WhiteElo "2585"]
[BlackElo "2358"]
[PlyCount "82"]
[EventDate "2014.08.16"]
[EventType "swiss"]
[EventRounds "9"]
[EventCountry "LAT"]
[SourceTitle "CBM 161 Extra"]
[Source "ChessBase"]
[SourceDate "2014.08.29"]
[SourceVersion "1"]
[SourceVersionDate "2014.08.29"]
[SourceQuality "1"]

1. c4 e6 2. g3 d5 3. Bg2 Nf6 4. d4 c6 5. Nf3 Bb4+ 6. Bd2 Be7 7. 0-0 0-0 8. Qc2 Nbd7 9. b3 b6 10. Rd1 Bb7 11. Nc3 Rc8 12. e4 Nxe4 13. Nxe4 dxe4 14. Qxe4 Nf6 15. Qe2 c5 16. Bf4 Qe8 17. d5 exd5 18. Re1 Ne4 19. cxd5 Bf6 20. Rad1 Nc3 21. Qd3 Qd7 22. Rd2 Qxd5 23. Qc2 Qh5 24. Ne5 Bxg2 25. Kxg2 Nb5 26. g4 Qh4 27. Bg3 Qh6 28. Rd5 Nd4 29. Qd3 Bxe5 30. Rexe5 Qc6 31. Qe4 Nb5 32. Qf3 Nc7 33. Rd2 Qxf3+ 34. Kxf3 Rfd8 35. Rxd8+ Rxd8 36. Re7 Nb5 37. Ke3 Kf8 38. Rb7 Re8+ 39. Kd3 Rd8+ 40. Ke3 Re8+ 41. Kd3 Rd8+ 1/2-1/2

[Event "Moscow op-A"]
[Site "Moscow"]
[Date "2014.02.03"]
[Round "3"]
[White "Shomoev, Anton"]
[Black "Akkozov, Berik"]
[Result "1/2-1/2"]
[WhiteElo "2568"]
[BlackElo "2355"]
[PlyCount "127"]
[EventDate "2014.02.01"]
[EventType "swiss"]
[EventRounds "9"]
[EventCountry "RUS"]
[SourceTitle "CBM 158 Extra"]
[Source "ChessBase"]
[SourceDate "2014.02.28"]
[SourceVersion "1"]
[SourceVersionDate "2014.02.28"]
[SourceQuality "1"]

1. c4 Nf6 2. g3 c6 3. Bg2 d5 4. Nf3 e6 5. 0-0 Nbd7 6. b3 Bd6 7. Nc3 0-0 8. d4 Re8 9. Nd2 e5 10. cxd5 Bb4 11. Bb2 exd4 12. Nce4 cxd5 13. a3 dxe4 14. axb4 Nf8 15. Nc4 Ne6 16. e3 b5 17. Na5 Qd5 18. f3 Ng5 19. fxe4 Nfxe4 20. h4 Bh3 21. Qxd4 Qxd4 22. exd4 Bxg2 23. Kxg2 Ne6 24. d5 Nc7 25. Rad1 Rad8 26. Nc6 Rxd5 27. Be5 Rxd1 28. Rxd1 Ne6 29. Kf3 f5 30. Rd7 Kf8 31. g4 g6 32. gxf5 gxf5 33. Nxa7 Re7 34. Rxe7 Kxe7 35. Nxb5 Nd2+ 36. Ke3 Nxb3 37. Nc3 Nf8 38. Ne2 Ke6 39. Bg3 Kd5 40. Kd3 Ne6 41. Bf2 f4 42. Nc3+ Ke5 43. h5 Nbd4 44. b5 Nxb5 45. Nxb5 Kf5 46. Nd6+ Kg5 47. Ke4 Ng7 48. h6 Kxh6 49. Kxf4 Kg6 50. Ke5 Kg5 51. Ne4+ Kg4 52. Nf6+ Kf3 53. Be1 h5 54. Bh4 Kg2 55. Ne4 Kh3 56. Bf6 h4 57. Kf4 Nh5+ 58. Kf3 Nxf6 59. Nxf6 Kh2 60. Kf2 Kh3 61. Kf3 Kh2 62. Ne4 Kg1 63. Kg4 Kf1 64. Kxh4 1/2-1/2

[Event "Pavlodar op"]
[Site "Pavlodar"]
[Date "2013.12.18"]
[Round "9"]
[White "Akkozov, Berik"]
[Black "Temirbayev, Serikbay"]
[Result "1/2-1/2"]
[WhiteElo "2389"]
[BlackElo "2362"]
[PlyCount "61"]
[EventDate "2013.12.10"]
[EventType "swiss"]
[EventRounds "10"]
[EventCountry "KAZ"]
[SourceTitle "CBM 158 Extra"]
[Source "ChessBase"]
[SourceDate "2014.02.28"]
[SourceVersion "1"]
[SourceVersionDate "2014.02.28"]
[SourceQuality "1"]

1. c4 c5 2. Nf3 Nf6 3. Nc3 e6 4. g3 b6 5. Bg2 Bb7 6. 0-0 Be7 7. d4 cxd4 8. Qxd4 0-0 9. Rd1 d6 10. Be3 Nbd7 11. Rac1 a6 12. h3 Rc8 13. b3 Qc7 14. Qd2 Rfd8 15. Bf4 Nf8 16. Ne1 Bxg2 17. Nxg2 Qb7 18. Qd3 N8d7 19. Qb1 Nc5 20. a4 h6 21. f3 Nh5 22. Kh2 Nxf4 23. Nxf4 Nd7 24. h4 Nf6 25. e4 Nd7 26. Nfe2 Ne5 27. Kg2 Bf6 28. Qc2 Qc7 29. Qd2 Qc5 30. Rb1 Nc6 31. Rbc1 1/2-1/2

[Event "Pavlodar op"]
[Site "Pavlodar"]
[Date "2013.12.13"]
[Round "5"]
[White "Akkozov, Berik"]
[Black "Mazunin, Yuri"]
[Result "0-1"]
[WhiteElo "2389"]
[BlackElo "2211"]
[PlyCount "112"]
[EventDate "2013.12.10"]
[EventType "swiss"]
[EventRounds "10"]
[EventCountry "KAZ"]
[SourceTitle "CBM 158 Extra"]
[Source "ChessBase"]
[SourceDate "2014.02.28"]
[SourceVersion "1"]
[SourceVersionDate "2014.02.28"]
[SourceQuality "1"]

1. d4 c5 2. d5 d6 3. e4 g6 4. Bb5+ Bd7 5. a4 Bg7 6. Ne2 Nf6 7. f3 0-0 8. 0-0 Ne8 9. Na3 Nc7 10. Bxd7 Nxd7 11. Nc4 Nb6 12. Ne3 a5 13. c3 c4 14. b3 Na6 15. bxc4 Rc8 16. Qb3 Nc5 17. Qb5 Nd3 18. Rb1 Nd7 19. Ba3 N3c5 20. Nd4 Ra8 21. Nb3 Bxc3 22. Nxc5 Nxc5 23. Bxc5 dxc5 24. Qxc5 Rc8 25. Qa3 Bd4 26. Kh1 Qc7 27. Rfc1 Qf4 28. Nf1 Rc7 29. Qd3 Bc5 30. g3 Qd6 31. f4 f6 32. Nd2 b6 33. Nb3 Bb4 34. Nd4 Rd7 35. Qe2 Rc8 36. e5 Qb8 37. Qg4 Qb7 38. Qe6+ Kg7 39. Nc6 f5 40. h3 Bc5 41. Kh2 Rdc7 42. Rd1 Rxc6 43. dxc6 Rxc6 44. Qd5 Kh6 45. g4 Be3 46. Kg3 g5 47. fxg5+ Bxg5 48. h4 Be3 49. Kf3 e6 50. g5+ Kh5 51. Qxc6 Qxc6+ 52. Kxe3 Qe4+ 53. Kf2 Qf4+ 54. Ke1 Qxe5+ 55. Kf1 Qf4+ 56. Kg2 Qg4+ 0-1

[Event "Pavlodar op"]
[Site "Pavlodar"]
[Date "2013.12.12"]
[Round "4"]
[White "Burmakin, Vladimir"]
[Black "Akkozov, Berik"]
[Result "1/2-1/2"]
[WhiteElo "2585"]
[BlackElo "2389"]
[PlyCount "72"]
[EventDate "2013.12.10"]
[EventType "swiss"]
[EventRounds "10"]
[EventCountry "KAZ"]
[SourceTitle "CBM 158 Extra"]
[Source "ChessBase"]
[SourceDate "2014.02.28"]
[SourceVersion "1"]
[SourceVersionDate "2014.02.28"]
[SourceQuality "1"]

1. d4 d5 2. c4 c6 3. Nf3 Nf6 4. e3 g6 5. Nbd2 Bg7 6. Be2 0-0 7. 0-0 Nbd7 8. b4 Ne4 9. Bb2 Nxd2 10. Nxd2 Nf6 11. a4 Bf5 12. b5 Qd7 13. Qb3 Ne4 14. Nxe4 Bxe4 15. Rfc1 Rfc8 16. h3 h5 17. bxc6 bxc6 18. cxd5 cxd5 19. Ba6 Rcb8 20. Qc3 Rb6 21. Bc8 Qd8 22. f3 Bd3 23. Qxd3 Rxb2 24. Ba6 e5 25. Rab1 Rxb1 26. Rxb1 exd4 27. exd4 Qh4 28. Bb7 Bxd4+ 29. Kh1 Re8 30. Rf1 Re3 31. Qd2 Rb3 32. Bxd5 Rb2 33. Qe1 Qf4 34. Qc1 Qg3 35. f4 Bg7 36. Qc8+ Kh7 1/2-1/2

[Event "Pavlodar op"]
[Site "Pavlodar"]
[Date "2013.12.10"]
[Round "1"]
[White "Akkozov, Berik"]
[Black "Mezentsev, Ivan"]
[Result "1-0"]
[WhiteElo "2389"]
[BlackElo "1929"]
[PlyCount "99"]
[EventDate "2013.12.10"]
[EventType "swiss"]
[EventRounds "10"]
[EventCountry "KAZ"]
[SourceTitle "CBM 158 Extra"]
[Source "ChessBase"]
[SourceDate "2014.02.28"]
[SourceVersion "1"]
[SourceVersionDate "2014.02.28"]
[SourceQuality "1"]

1. d4 Nf6 2. Nf3 e6 3. c4 Bb4+ 4. Nbd2 d5 5. Qa4+ Nc6 6. a3 Bxd2+ 7. Bxd2 Ne4 8. Bf4 0-0 9. e3 Ne7 10. Bd3 f5 11. Qc2 Ng6 12. Be5 c6 13. h4 Nxe5 14. Nxe5 Nd6 15. 0-0-0 dxc4 16. Bxc4 Nxc4 17. Nxc4 b6 18. h5 Bb7 19. h6 g6 20. Qc3 Qe7 21. Ne5 Rac8 22. Kb1 Rfd8 23. f3 Qf6 24. g4 c5 25. g5 Qxg5 26. d5 exd5 27. Rhg1 Qf6 28. Nxg6 Qxc3 29. Ne5+ Kf8 30. bxc3 Rc7 31. Rg5 Bc8 32. e4 Re8 33. Rxd5 fxe4 34. fxe4 Rce7 35. Rd6 Re6 36. Rd2 Rxh6 37. Rf2+ Ke7 38. Rf7+ Ke6 39. Rc7 Rh1+ 40. Kb2 Kf6 41. Nf3 Rh3 42. e5+ Ke6 43. Rc6+ Ke7 44. Rf6 Rf8 45. Rg7+ Ke8 46. Ng5 Rh2+ 47. Kc1 Ba6 48. Nf7 Rh1+ 49. Kb2 Rh2+ 50. Kc1 1-0

[Event "Chigorin Memorial 21st"]
[Site "St Petersburg"]
[Date "2013.10.12"]
[Round "8"]
[White "Akkozov, Berik"]
[Black "Khairullin, Ildar"]
[Result "0-1"]
[WhiteElo "2384"]
[BlackElo "2651"]
[PlyCount "158"]
[EventDate "2013.10.05"]
[EventType "swiss"]
[EventRounds "9"]
[EventCountry "RUS"]
[SourceTitle "CBM 156 Extra"]
[Source "ChessBase"]
[SourceDate "2013.10.22"]
[SourceVersion "1"]
[SourceVersionDate "2013.10.22"]
[SourceQuality "1"]

1. d4 Nf6 2. c4 e6 3. Nf3 Bb4+ 4. Nbd2 0-0 5. a3 Be7 6. e3 c5 7. dxc5 a5 8. e4 Bxc5 9. e5 Ng4 10. Ne4 Qb6 11. Bd3 Bxf2+ 12. Kf1 d5 13. h3 dxe4 14. hxg4 Rd8 15. Qe2 Rxd3 16. Rh3 Be3 17. Ne1 Bxc1 18. Nxd3 exd3 19. Qxd3 Bh6 20. g5 Nd7 21. Rd1 Qxb2 22. Re1 Bxg5 23. Qxh7+ Kf8 24. Qh8+ Ke7 25. Qxg7 Bf4 26. Rh7 Bxe5 27. Qxf7+ Kd6 28. Rd1+ Bd4 29. Rh4 e5 30. Rdxd4+ Qxd4 31. Rxd4+ exd4 32. Qd5+ Kc7 33. g4 Ra6 34. c5 Rc6 35. Qxd4 Rxc5 36. Qf4+ Ne5 37. g5 Kb6 38. Qf6+ Nc6 39. Ke1 Rf5 40. Qb2+ Ka7 41. g6 Re5+ 42. Kf2 Be6 43. g7 Bg8 44. Qc3 Re7 45. Kg3 Kb6 46. Kh2 Kb5 47. Kg1 Ka4 48. Kf2 Rd7 49. Ke1 Ne7 50. Qh3 Rd4 51. Qe3 Rd7 52. Qh3 Rd4 53. Qe3 Nc6 54. Qh3 Rd8 55. Qg3 Bb3 56. Qc7 Re8+ 57. Kd2 Re7 58. Qg3 Bg8 59. Qf4+ Kxa3 60. Kc3 Rxg7 61. Qf8+ Re7 62. Qxg8 Re3+ 63. Kd2 Rb3 64. Qf8+ Nb4 65. Qa8 b6 66. Qb8 Nd3 67. Qd8 Ka2 68. Qg8 a4 69. Kd1 b5 70. Qg2+ Ka1 71. Qd5 b4 72. Kc2 Rc3+ 73. Kd2 a3 74. Kd1 a2 75. Qg2 Rc1+ 76. Kd2 Rc2+ 77. Kd1 Rc1+ 78. Kd2 Kb1 79. Qe4 Rc3 0-1

[Event "Chigorin Memorial 21st"]
[Site "St Petersburg"]
[Date "2013.10.05"]
[Round "1"]
[White "Sedykh, Egor"]
[Black "Akkozov, Berik"]
[Result "0-1"]
[WhiteElo "1899"]
[BlackElo "2384"]
[PlyCount "90"]
[EventDate "2013.10.05"]
[EventType "swiss"]
[EventRounds "9"]
[EventCountry "RUS"]
[SourceTitle "CBM 156 Extra"]
[Source "ChessBase"]
[SourceDate "2013.10.22"]
[SourceVersion "1"]
[SourceVersionDate "2013.10.22"]
[SourceQuality "1"]

1. d4 e6 2. c4 b6 3. Nf3 Bb7 4. g3 f5 5. Bg2 Bb4+ 6. Bd2 Bxd2+ 7. Qxd2 Nf6 8. 0-0 0-0 9. Nc3 d6 10. Qc2 Qe8 11. Nd2 Bxg2 12. Kxg2 Qh5 13. Qd3 Nc6 14. h3 Nb4 15. Qb1 c5 16. Nf3 Rae8 17. dxc5 bxc5 18. a3 Nc6 19. Qd3 Rd8 20. Qe3 e5 21. Qg5 Qf7 22. Qxf5 Qxc4 23. Qd3 Qxd3 24. exd3 Rb8 25. Rab1 Rb7 26. Na4 Rb3 27. Rbd1 Nd4 28. Ng5 c4 29. Ne4 cxd3 30. Nxd6 Rd8 31. Nc4 e4 32. Nc5 Rb5 33. b4 Nc2 34. Nb3 Nd5 35. Nc5 Nc3 36. Rd2 Rd4 37. Ne3 Nxa3 38. Ne6 Rdxb4 39. Ra1 Ra4 40. Nf4 Nc4 41. Rxa4 Nxe3+ 42. fxe3 Nxa4 43. Kf2 Nc3 44. Ne6 a5 45. Nd4 Rb1 0-1

[Event "Olomouc Valoz Cup 16th"]
[Site "Olomouc"]
[Date "2013.08.07"]
[Round "8"]
[White "Bures, Jaroslav"]
[Black "Akkozov, Berik"]
[Result "1/2-1/2"]
[WhiteElo "2379"]
[BlackElo "2377"]
[PlyCount "95"]
[EventDate "2013.07.31"]
[EventType "tourn"]
[EventRounds "9"]
[EventCountry "CZE"]
[EventCategory "8"]
[SourceTitle "CBM 155 Extra"]
[Source "ChessBase"]
[SourceDate "2013.08.26"]
[SourceVersion "1"]
[SourceVersionDate "2013.08.26"]
[SourceQuality "1"]

1. e4 c5 2. Nf3 d6 3. d4 cxd4 4. Nxd4 Nf6 5. Nc3 a6 6. Bg5 e6 7. Qf3 Nbd7 8. 0-0-0 Qc7 9. Qg3 b6 10. Bd3 Bb7 11. Rhe1 0-0-0 12. f3 Kb8 13. Kb1 Be7 14. Be3 Rhg8 15. Nb3 g5 16. a4 Ne5 17. a5 bxa5 18. Qf2 Nfd7 19. Ba7+ Ka8 20. Na4 Qc6 21. Nb6+ Nxb6 22. Bxb6 Rc8 23. Nxa5 Qa4 24. Bf1 Bd8 25. Bxd8 Rgxd8 26. Nxb7 Kxb7 27. Rd4 Rxc2 28. Rxa4 Rxf2 29. Rc1 Nc6 30. Bxa6+ Kb6 31. Bd3 Ne5 32. Rb4+ Ka5 33. Rb3 Nxd3 34. Rxd3 Rb8 35. Ra3+ Kb4 36. Rc7 Rxg2 37. e5 Rd2 38. Rd7 Rb6 39. Rc3 Ka5 40. Ra7+ Kb5 41. exd6 Rdxd6 42. Rxf7 h6 43. Rf6 e5 44. Rf5 Rd5 45. Kc2 Rbd6 46. Re3 Rd2+ 47. Kc3 Rxh2 48. Rexe5+ 1/2-1/2

[Event "Olomouc Valoz Cup 16th"]
[Site "Olomouc"]
[Date "2013.08.06"]
[Round "7"]
[White "Akkozov, Berik"]
[Black "Rzayev, Bahruz Iqbal Oglu"]
[Result "0-1"]
[WhiteElo "2377"]
[BlackElo "2429"]
[PlyCount "102"]
[EventDate "2013.07.31"]
[EventType "tourn"]
[EventRounds "9"]
[EventCountry "CZE"]
[EventCategory "8"]
[SourceTitle "CBM 155 Extra"]
[Source "ChessBase"]
[SourceDate "2013.08.26"]
[SourceVersion "1"]
[SourceVersionDate "2013.08.26"]
[SourceQuality "1"]

1. d4 d5 2. Nf3 Nc6 3. Bf4 Bg4 4. e3 f6 5. Be2 e5 6. dxe5 Bxf3 7. Bxf3 fxe5 8. Bg3 e4 9. Be2 Bd6 10. Nc3 Bxg3 11. hxg3 Nge7 12. Bb5 Qd7 13. Qh5+ g6 14. Bxc6 bxc6 15. Qe5 0-0 16. Rd1 Qd6 17. Qxd6 cxd6 18. b3 Rf6 19. Rd2 Raf8 20. 0-0 g5 21. Rc1 Ng6 22. Nd1 Ne5 23. Nb2 h5 24. c4 dxc4 25. bxc4 h4 26. gxh4 gxh4 27. Kf1 Rg6 28. Rcd1 Rff6 29. Rc2 Ng4 30. Ke1 Nh2 31. Rd4 h3 32. gxh3 Nf3+ 33. Ke2 Nxd4+ 34. exd4 Rf3 35. Nd1 Rxh3 36. Ne3 Rf6 37. Rc1 Rhf3 38. Rg1+ Kf7 39. Rg2 Rh3 40. Rg5 Rhf3 41. Rg2 Ke7 42. Rh2 Kd7 43. c5 R3f4 44. Nc4 dxc5 45. dxc5 Ke6 46. Nd2 Kd5 47. Ke3 R6f5 48. Rh7 a5 49. Ra7 Rh4 50. Rxa5 Rh3+ 51. Ke2 Rh2 0-1

[Event "Olomouc Valoz Cup 16th"]
[Site "Olomouc"]
[Date "2013.08.01"]
[Round "2"]
[White "Mirzoev, Azer"]
[Black "Akkozov, Berik"]
[Result "1/2-1/2"]
[WhiteElo "2536"]
[BlackElo "2377"]
[PlyCount "73"]
[EventDate "2013.07.31"]
[EventType "tourn"]
[EventRounds "9"]
[EventCountry "CZE"]
[EventCategory "8"]
[SourceTitle "CBM 155 Extra"]
[Source "ChessBase"]
[SourceDate "2013.08.26"]
[SourceVersion "1"]
[SourceVersionDate "2013.08.26"]
[SourceQuality "1"]

1. d4 d5 2. c4 c6 3. Nc3 Nf6 4. Nf3 a6 5. e3 g6 6. c5 Bg7 7. b4 Bg4 8. Bb2 Nbd7 9. Be2 Bxf3 10. Bxf3 e5 11. 0-0 0-0 12. Qc2 exd4 13. exd4 Re8 14. Rad1 Nf8 15. Bc1 Ne6 16. Be3 h5 17. h3 Nh7 18. g3 f5 19. Ne2 h4 20. Rd3 Qf6 21. Bg2 Re7 22. f4 Rae8 23. Rf3 hxg3 24. Rxg3 Qh4 25. Rxg6 Nxc5 26. dxc5 Rxe3 27. Qc3 R3e7 28. Rdg3 Nf6 29. Rxf6 Kh7 30. Rg5 Rxe2 31. Rxg7+ Kxg7 32. Rxf5+ Kh6 33. Rf6+ Kg7 34. Rf5+ Kh6 35. Rf6+ Kg7 36. Rf5+ Kh6 37. Rf6+ 1/2-1/2

[Event "Olomouc Valoz Cup 16th"]
[Site "Olomouc"]
[Date "2013.07.31"]
[Round "1"]
[White "Simantsev, Mikhail"]
[Black "Akkozov, Berik"]
[Result "1-0"]
[WhiteElo "2473"]
[BlackElo "2377"]
[PlyCount "67"]
[EventDate "2013.07.31"]
[EventType "tourn"]
[EventRounds "9"]
[EventCountry "CZE"]
[EventCategory "8"]
[SourceTitle "CBM 155 Extra"]
[Source "ChessBase"]
[SourceDate "2013.08.26"]
[SourceVersion "1"]
[SourceVersionDate "2013.08.26"]
[SourceQuality "1"]

1. d4 d5 2. c4 c6 3. Nc3 Nf6 4. e3 a6 5. Nf3 g6 6. Bd3 Bg7 7. 0-0 0-0 8. h3 dxc4 9. Bxc4 b5 10. Be2 Nbd7 11. Qc2 c5 12. dxc5 Nxc5 13. Nxb5 Qb6 14. Nbd4 Bb7 15. Bd2 Rac8 16. Rfc1 Nfe4 17. Be1 Rfd8 18. b4 Ne6 19. Qb3 Nxd4 20. exd4 Rxd4 21. Rxc8+ Bxc8 22. Rc1 Rd8 23. Qc4 Ng3 24. Bd3 Bb7 25. Ng5 Qf6 26. Nxf7 Bd5 27. Nxd8 Bxc4 28. Bxc4+ e6 29. fxg3 Qg5 30. Rd1 Be5 31. Nxe6 Qe3+ 32. Kh2 h5 33. Nf4+ Kg7 34. Rd7+ 1-0

[Event "Pardubice Czech op-A 24th"]
[Site "Pardubice"]
[Date "2013.07.20"]
[Round "2"]
[White "Shyam, Sundar M"]
[Black "Akkozov, Berik"]
[Result "1-0"]
[WhiteElo "2505"]
[BlackElo "2377"]
[PlyCount "87"]
[EventDate "2013.07.19"]
[EventType "swiss"]
[EventRounds "9"]
[EventCountry "CZE"]
[SourceTitle "CBM 155 Extra"]
[Source "ChessBase"]
[SourceDate "2013.08.26"]
[SourceVersion "1"]
[SourceVersionDate "2013.08.26"]
[SourceQuality "1"]

1. e4 c5 2. Nf3 d6 3. d4 Nf6 4. Nc3 cxd4 5. Nxd4 a6 6. g3 e5 7. Nb3 Be7 8. Bg2 b5 9. a4 b4 10. Nd5 Nxd5 11. Qxd5 Ra7 12. Be3 Be6 13. Qd3 Rb7 14. 0-0 0-0 15. Rfc1 h6 16. f4 Qc8 17. Na5 Rc7 18. f5 Bd7 19. Bf1 d5 20. Qxd5 Rd8 21. Qb3 Rc5 22. Nc4 Bc6 23. Qxb4 Bxe4 24. Nd6 Rxd6 25. Qxe4 Bg5 26. Bxg5 hxg5 27. c3 Nd7 28. Rd1 Nf6 29. Qe3 Rcd5 30. Rxd5 Rxd5 31. b4 Qxf5 32. Bc4 Rd6 33. b5 Qc2 34. bxa6 Ng4 35. Qe2 Rd2 36. a7 Rxe2 37. a8Q+ Kh7 38. Qf3 Qb2 39. Bd3+ Kh6 40. Rb1 Re1+ 41. Rxe1 Qxh2+ 42. Kf1 Qd2 43. Qxg4 Qxd3+ 44. Kg2 1-0